| 000 | 00500nam a2200217Ia 4500 | ||
|---|---|---|---|
| 999 |
_c14067 _d14067 |
||
| 003 | 0100 | ||
| 005 | 20170530125525.0 | ||
| 008 | 130303s9999 xx 000 0 und d | ||
| 020 | _a394515765 | ||
| 040 | _cARRUPELIB | ||
| 050 | _aDT28.P34 1991 | ||
| 100 |
_aPakenham, Thomas, 1933- _924214 |
||
| 245 | 4 | _aThe scramble for Africa, 1876-1912 | |
| 250 | _a1st U.S. | ||
| 260 |
_bRandom House _aNew York _c1991 |
||
| 300 | _axxv | ||
| 300 | _b 738p. 24cm. | ||
| 650 |
_aAfrica _xColonization _xHistory _y20th century _931724 |
||
| 650 |
_aAfrica _x History _y20th century _931725 |
||
| 650 |
_aEurope _xColonies _931726 |
||
| 650 |
_aAfrica _xHistory _y19th century _931723 |
||
| 650 |
_aEurope _xColonies _931727 |
||
| 700 |
_aThomas Pakenham _931728 |
||
| 942 | 0 | 0 |
_01 _2lcc _cMONOGRAPH |